Statistics for Countries that Produce Diamonds

Click here to take the quiz!

General Stats

  • This quiz has been taken 72 times
  • The average score is 14 of 21

Answer Stats

CaratsCountry% Correct
6.0 milSouth Africa
96%
21 milRussia
90%
100 kChina
85%
3.1 milD.R. Congo
85%
55 kRepublic of the Congo
82%
60 kBrazil
81%
500 kZimbabwe
79%
12 milCanada
78%
17 milBotswana
76%
7.1 milAngola
75%
1.9 milNamibia
73%
190 kAustralia
70%
200 kTanzania
60%
350 kLesotho
58%
200 kCentral African Republic
55%
500 kSierra Leone
52%
240 kGhana
51%
210 kCote d'Ivoire
46%
130 kGuinea
37%
60 kVenezuela
36%
100 kGuyana
22%

Score Distribution

Percentile by Number Answered

Percent of People with Each Score

Your Score History

You have not taken this quiz